000 00507nam a2200193Ia 4500
005 20250326141628.0
008 250326s9999 xx 000 0 und d
037 _aTextbook
040 _aFMSL
_beng
_cFMSL
041 _aeng
_2eng
084 _qFMSL
100 _aAjeet Kaur
245 0 _aDirectory of trade between India and the east european countries
_cAjeet Kaur
250 _a9th
260 _aIndia
_bIndia, Inst. Pub.
_c1991
300 _a442p
942 _cTB
999 _c1291213
_d1291213